000 01711nam a2200505 i 4500
001 25013
003 KOSZ 005
005 20221124105559.0
008 980702s1996 pl a |001 0 pol
015 _aUWD 1996/16029
020 _a8320419956
035 _a991004427239705066
035 _a(PL-WaBN)b11169382-48omnis_nlop
035 _ab11169382
035 _a(OCoLC)69370054
035 _axx001377405
035 _a(PL)b0000001116938
035 _a(EXLNZ-48OMNIS_NETWORK)9910241106605606
040 _aWA N
_cWA N
_dKOSZ 005/AR
080 _a519.68
080 _a004.421
080 _a004.6
080 _a51
080 _a (075.8)
100 1 _aBanachowski, Lech
_d(1948- )
245 1 0 _aAlgorytmy i struktury danych /
_cLech Banachowski, Krzysztof Diks, Wojciech Rytter.
260 _aWarszawa :
_bWydawnictwa Naukowo-Techniczne,
_c1996
300 _a290 s. :
_brysunki, wykresy ;
_c24 cm.
336 _aTekst
_btxt
_2rdacontent
337 _aBez urządzenia pośredniczącego
_bn
_2rdamedia
338 _aWolumin
_bnc
_2rdacarrier
380 _aKsiążki
504 _aBibliografia na stronach 284-285. Indeks.
650 7 _aAlgorytmy
_2DBN
650 7 _aProgramowanie (informatyka)
_2DBN
650 7 _aStruktury danych
_2DBN
655 7 _aPodręczniki akademickie
_2DBN
700 1 _aDiks, Krzysztof
_eAutor
700 1 _aRytter, Wojciech
_eAutor
710 2 _aWydawnictwa Naukowo-Techniczne
_4pbl
856 _u http://koha.tu.koszalin.pl/cgi-bin/koha/opac-detail.pl?biblionumber=25013
_yKatalog online BPK
856 _uhttp://libra.ibuk.pl/book/197970
_yIBUK
942 _2UKD
_cKS
999 _c25013
_d25013